Missing Word: 'B' in Every Category Quiz Stats

 Plays Quiz Updated Oct 9, 2015

Challenge
Share
Tweet
Embed
Score 0/15 Timer 02:00
3 Plays Today
Hint Missing Word % Correct
Mercedes-_____Benz
97.9%
Jingle _____Bells
97.7%
'Once in a _____ Moon'Blue
97.1%
Green _____ PackersBay
95.5%
Super Mario _____Bros.
95%
_____ MitzvahBat
94.6%
_____ Tea PartyBoston
94.6%
Boulevard of _____ DreamsBroken
88.6%
Hint Missing Word % Correct
Invasion of the _____ SnatchersBody
88.1%
_____ New World Brave
86.4%
_____ and HerzegovinaBosnia
84.6%
Fozzie _____Bear
77.6%
Aurora _____Borealis
77.4%
_____ NoticeBurn
76.1%
_____ or Bust - (Sporcle Badge)Bishkek
9.4%

Today's Daily Dose

You're not logged in!

Compare scores with friends on all Sporcle quizzes.
OR
Log In

You Might Also Like...

Show Comments

Extras

Top Quizzes Today


Score Distribution

Your Account Isn't Verified!

In order to create a playlist on Sporcle, you need to verify the email address you used during registration. Go to your Sporcle Settings to finish the process.

Report this User

Report this user for behavior that violates our Community Guidelines.

Details: